Statistiken für Torschützenliste der Premier League 2022-2023

Klicken Sie hier um das Quiz zu spielen!

Allgemein

  • Dieses Quiz wurde 106 mal gespielt
  • Das Durchschnittsergebnis liegt bei 9 aus 11

Antwortstatistiken

ToreNationalitätVereinSpieler% Korrekt
36NorwegenManchester City Erling Haaland
100%
30EnglandTottenham Hotspur Harry Kane
100%
19ÄgyptenFC Liverpool Mohamed Salah
100%
15NorwegenFC Arsenal Martin Ødegaard
95%
14EnglandFC Arsenal Bukayo Saka
91%
17EnglandManchester United Marcus Rashford
88%
15BrasilienFC ArsenalGabriel Martinelli
87%
14SerbienFC FulhamAleksandar Mitrović
83%
20EnglandFC BrentfordIvan Toney⁠
67%
15EnglandAston VillaOllie Watkins
62%
18EnglandNewcastle United Callum Wilson
49%

Verteilung der Resultate

Perzentil nach korrekt beantworteten Fragen

Anzahl Personen mit jedem Resultat

Ihre Resultats-Entwicklung

Sie haben dieses Quiz noch nicht gespielt